| 000 | 00426cam a22001337a 4500 | ||
|---|---|---|---|
| 008 | 180718b1985 xxu||||| |||| 00| 0 eng d | ||
| 082 | _aLmx5453 F/1985 | ||
| 100 | _aKerala. Panchayat Finance Commission | ||
| 245 | _aReport of the Panchayat Finance Commission, Kerala | ||
| 260 |
_aTrivandrum _bThe author _c1985 |
||
| 300 | _a188+p. | ||
| 500 | _aChairman: K. Avukaderkutty Naha | ||
| 700 | _aAvakaderkutty Naha, K. (Chairman) | ||
| 999 |
_c488534 _d488534 |
||